000 00520nam a2200193 a 4500
001 1773826207971
003 YourLibrary
005 20260318150212.0
008 260318s1996##################000#0#eng##
020 _a9781858984957
082 0 4 _a338.9431
_bMYA
100 1 _aMyant, Martin R.,
_eauthor.
245 1 0 _aSuccessful Transformations? :
260 _bEdward Elgar Publishing,
_c1996.
300 _a298 pages
650 0 _aBusiness & Economics.
942 _cENGLISH
040 _aYourLibrary
_beng
_cYourLibrary
999 _c618003
_d618003